000 01492nam a2200421 i 4500
001 193274
003 SpMaBN
005 20240825203916.0
007 ta
008 921021s1989 sp | |||| ||spa d
016 7 _abimoBNE19930484927
_zSIC92003989
_2SpMaBN
017 _aB 20747-1989
_bOficina Depósito Legal Barcelona
020 _a8401333547
035 _a(OCoLC)435061533
035 _abimo0000322438
040 _aSpMaBN
_bspa
_cSIC
080 _a341.176(4-672 CE)
100 1 _aBarón, Enrique,
_d1944-
_0XX874845
_eaut
_925767
245 1 0 _aEuropa 92 :
_bel rapto del futuro /
_cEnrique Barón
250 _aPrimera edición: junio, 1989
260 _aEsplugues de Llobregat (Barcelona) :
_bPlaza & Janés,
_c1989
300 _a187 páginas ;
_c22 cm
336 _2rdacontent
_aTexto
337 _2rdamedia
_asin mediación
338 _2rdacarrier
_avolumen
490 1 _aPlaza & Janés época
500 _aÍndice
504 _aReferencias bibliográficas
610 2 4 _aComunidades Europeas
_2embne
_93139
830 _9231362
_aPlaza & Janés época
852 _aES-MaACL
_bR. 154678
_cDEPOJ
_9200705
_xEncuadernación rústica
_hDonación: Enrique Barón
_jN-9452
903 _aBarón, Enrique,
_d1944-
_ednr
_925767
942 _n0
_cMONOGRAFIA
999 _c193274
_d193274